Structural applications of fiber reinforced concrete / (Record no. 546543)
[ view plain ]
| 000 -LEADER | |
|---|---|
| fixed length control field | 00895cam a2200229 a 4500 |
| 082 00 - DEWEY DECIMAL CLASSIFICATION NUMBER | |
| Classification number | 624.171 |
| Author Mark | BAN |
| -- | N-01, P-89 |
| 100 ## - MAIN ENTRY--PERSONAL NAME | |
| Personal name | Banthia, N. |
| 9 (RLIN) | 42696 |
| 245 00 - TITLE STATEMENT | |
| Title | Structural applications of fiber reinforced concrete / |
| Statement of responsibility, etc. | editors, N. Banthia, C. MacDonald, P. Tatnall. |
| 260 ## - PUBLICATION, DISTRIBUTION, ETC. | |
| Place of publication, distribution, etc. | Farmington Hills, Michigan : |
| Name of publisher, distributor, etc. | ACI International, |
| Date of publication, distribution, etc. | c1999. |
| 300 ## - PHYSICAL DESCRIPTION | |
| Extent | vi, 257 p. : |
| Other physical details | ill. ; |
| Dimensions | 23 cm. |
| 500 ## - GENERAL NOTE | |
| General note | Based on "Two sessions held in 1997 during the ACI spring convention in Seattle, Washington ..."--Preface. |
| 526 ## - STUDY PROGRAM INFORMATION NOTE | |
| Program name | 0 |
| Interest level | 0 |
| Reading level | 0 |
| Title point value | 624_171000000000000_BAN |
| 650 #0 - SUBJECT ADDED ENTRY--TOPICAL TERM | |
| Topical term or geographic name entry element | Cement composites |
| 9 (RLIN) | 1038 |
| 650 #0 - SUBJECT ADDED ENTRY--TOPICAL TERM | |
| Topical term or geographic name entry element | Fiber-reinforced concrete |
| 9 (RLIN) | 42697 |
| 650 #0 - SUBJECT ADDED ENTRY--TOPICAL TERM | |
| Topical term or geographic name entry element | MCE |
| 9 (RLIN) | 379 |
| 650 #0 - SUBJECT ADDED ENTRY--TOPICAL TERM | |
| Topical term or geographic name entry element | Reinforced concrete construction |
| 700 1# - ADDED ENTRY--PERSONAL NAME | |
| Personal name | Banthia, Nemkumar. |
| 9 (RLIN) | 42698 |
| 700 1# - ADDED ENTRY--PERSONAL NAME | |
| Personal name | MacDonald, C. |
| 9 (RLIN) | 42699 |
| 700 1# - ADDED ENTRY--PERSONAL NAME | |
| Personal name | Tatnall, P. |
| 9 (RLIN) | 42700 |
| 710 2# - ADDED ENTRY--CORPORATE NAME | |
| Corporate name or jurisdiction name as entry element | American Concrete Institute. |
| 9 (RLIN) | 37057 |
| 942 ## - ADDED ENTRY ELEMENTS (KOHA) | |
| Source of classification or shelving scheme | |
| Koha item type | Book |
| Withdrawn status | Lost status | Source of classification or shelving scheme | Damaged status | Not for loan | Permanent Location | Current Location | Date acquired | Total Checkouts | Full call number | Barcode | Date last seen | Price effective from | Koha item type |
|---|---|---|---|---|---|---|---|---|---|---|---|---|---|
| Military College of Engineering (MCE) | Military College of Engineering (MCE) | 06/12/2014 | 624.171 BAN | MCE-36583 | 06/12/2014 | 06/12/2014 | Book |
